Las esferas doradas : y otras atracciones matemáticas [juego] /

Guardado en:
Formato: Objeto Físico
Publicado: Argentina : Juegos et co., c1993.
Materias:
Etiquetas: Agregar Etiqueta
Sin Etiquetas, Sea el primero en etiquetar este registro!
LEADER 00606nrm a22001455g 4500
001 CEM.cems019420
008 130507s1993##################0###0#####d
005 20220830180704.0
245 0 0 |a Las esferas doradas :  |b y otras atracciones matemáticas [juego] /  |c Joseph S. Madachi. 
260 |a Argentina :  |b Juegos et co.,  |c c1993. 
300 |a 1 juego (127 p.) 
500 |a Para 1 ó más jugadores a partir de 13 años objetivo: resolver las propuestas matemáticas tomo I. 
020 |a 848815528X 
653 |a 1. juegos y recreaciones matemáticas 
859 |a CEMS  |b BIB. CEMS - Ludoteca  |h 84-88155-28-X  |i tomo  |p 221.00  |t Ej.1  |v I  |3 I